| 000 | 00438pab a2200157 454500 | ||
|---|---|---|---|
| 008 | 180718b2003 xxu||||| |||| 00| 0 eng d | ||
| 100 | _aCalvo, Guillermo A. Calvo | ||
| 245 | _aThe mirage of exchange rate regimes for emerging market countries | ||
| 260 | _c2003 | ||
| 300 | _ap.99-118. | ||
| 362 | _aFall | ||
| 650 | _aExchange rates | ||
| 700 | _aMishkin, Frederic S. | ||
| 773 | _aJournal of Economic Perspectives | ||
| 909 | _a59266 | ||
| 999 |
_c59266 _d59266 |
||